000 00883nam a2200253Ia 4500
003 OSt
005 20220923211114.0
006 a|||||r|||| 00| 0
007 ta
008 220922b |||||||| |||| 00| 0 hin d
020 _a8181432797 (hbk)
024 _a243,781
037 _cTextual
040 _aARTS
_cARTS
_bhin
041 _2hin
_ahin
082 _aO157,6N62x, 152P5
100 _aनसरीन, तसलीमा; गुप्ता, सुशील, अनु.
_9158275
245 0 _aछोटे - छोटे दुःख
246 _aChhoṭe - chhoṭe duahkha
260 _aनई दिल्ली
_b वाणी प्रकाशन
_c2005
300 _a255पृ.
_ccm.
942 _hO157,6N62x, 152P5
_cTEXL
_2CC
999 _c295314
_d295314